| 000 | nam a22 a 4500 | ||
|---|---|---|---|
| 999 |
_c2599 _d2599 |
||
| 003 | AKMAL | ||
| 005 | 20170517115602.0 | ||
| 008 | 901115 1975 nju 000 eng d | ||
| 020 | _a0471596043 | ||
| 040 | _aAKMAL | ||
| 082 | _a620.103 MER | ||
| 090 |
_a620.103 _bMER |
||
| 100 | 1 |
_aMeriam, J. L. _q(James L.) _95432 |
|
| 245 | 1 | 0 |
_aStatics / _cJames L. Meriam. |
| 250 | _a2nd ed., SI-version. | ||
| 260 |
_aNew York : _bJ. Wiley, _c1975. |
||
| 300 | 0 | 0 |
_a381p. : _bill. _ccm |
| 942 |
_2ddc _cBOOK |
||